| 000 | 00811cab a2200229 4500 | ||
|---|---|---|---|
| 001 | ABS55265 | ||
| 008 | 090401t1996 xxu||||| |||| 00| 0 eng d | ||
| 035 | _a(Sirsi) u15285 | ||
| 041 | _aeng | ||
| 100 | _aRushton, J | ||
| 245 | _aIs the Arbitration Bill old whine in a new bottle | ||
| 260 | _c1996 | ||
| 350 | _a0 | ||
| 490 |
_aCivil Engineering Surveyor _v20(5) June 1996, 30-31(2) |
||
| 520 | _aConsiders whether the increased powers proposed by the new Arbitration Bill will lead to a fair, fast and cost-effective way of resolving disputes. | ||
| 650 | _aARBITRATION BILL | ||
| 650 | _aARBITRATORS | ||
| 650 |
_aDISPUTE RESOLUTION _96236 |
||
| 690 | _aMANAGEMENT-DISPUTE AVOIDANCE, MANAGEMENT AND RESOLUTION-DISPUTE MANAGEMENT AND RESOLUTION-ARBITRATION | ||
| 942 | _n0 | ||
| 948 | _c04/03/1997 | ||
| 999 |
_c10005 _d10005 |
||